000 00224nam a22000857a 4500
008 170621b xxu||||| |||| 00| 0 eng d
100 _93596
_aReddy. G. R
245 _aThreats to Indian Republic
260 _aNew Delhi
_bA. P. H
_c2009
999 _c6984
_d6984